Kunstepochen - Statistiken

Allgemein
  • Dieses Quiz wurde 3.957 mal gespielt
  • Das Durchschnittsergebnis liegt bei 9 aus 24
Antwortstatistiken
Zeitraum Epoche % Korrekt
1600 - 1730 Barock
75%
1980 - heute Postmoderne
75%
1780 - 1850 Romantik
71%
1450 - 1550 Renaissance
68%
1000 v. Chr. - 150 n. Chr. Griechische Antike
63%
500 v. Chr. - 500 n. Chr. Römische Antike
63%
1900 - 1930 Expressionismus
60%
1860 - 1920 Impressionismus
59%
500 - 1500 Mittelalter
54%
1770 - 1840 Klassizismus
53%
1850 - 1900 Realismus
48%
1920 - 1930 Surrealismus
40%
1907 - 1915 Kubismus
35%
1916 - 1922 Dadaismus
29%
1730 - 1770 Rokoko
27%
1890 - 1910 Jugendstil
25%
1932 - 1991 Sozialistischer Realismus
24%
1950 - heute Pop-Art
22%
ab 1950 Aktionskunst
11%
1920 - 1933 Neue Sachlichkeit
11%
ab 1826 / ab 1990 Fotografie
5%
1940 - 1960 Informel
4%
1913 - heute Konstruktivismus
4%
ab 1950 Neue Medien
3%
Keine übereinstimmenden Quizze gefunden
Verteilung der Resultate
Anzahl Personen mit jedem Resultat
Perzentil nach korrekt beantworteten Fragen
Ihre Resultats-Entwicklung
Sie haben dieses Quiz noch nicht gespielt